| 000 | 00555nam a22001817a 4500 | ||
|---|---|---|---|
| 003 | OSt | ||
| 005 | 20240716155616.0 | ||
| 008 | 240716b |||||||| |||| 00| 0 eng d | ||
| 040 | _cMUST | ||
| 082 | _a332.1 PAS 2005 | ||
| 100 |
_aFotios Pasiouras...[et al] _918793 |
||
| 245 |
_aApplication of Quantitative Techniques for the prediction of bank Acquistion Targets _cFotios Pasiouras |
||
| 300 |
_axiii, 278p _bill. _c23cm |
||
| 440 |
_aseries on computers and operations Research _918794 |
||
| 504 | _aindexes | ||
| 650 | _2Banking | ||
| 942 |
_2ddc _cO_SHELF |
||
| 999 |
_c9206 _d9206 |
||